• 首页
  • 本馆介绍
  • 公告通知
  • 最新文献
  • 馆藏检索
  • 电子资源
  • 读者导购
  • 参考咨询
  • 我的图书馆
  • 登录
  • 详细信息显示
  • 放入我的书架
  • 预约/预借图书
  • 作者相关作品
  • 分类相关作品
  • 丛书相关作品
  • 出版社相关作品

书目信息

  • 表格格式
  • 工作单格式
  • 卡片格式
题名:
庄子全集
    
 
作者: 庄子 原著 ;范勇毅 注译
分册:  
出版信息: 成都   天地出版社  2017
页数: 17,514页
开本: 23cm
丛书名:
单 册:
中图分类: B223.54
科图分类:
主题词: 道家
电子资源:
ISBN: 978-7-5455-2398-0
000 00916nam0 2200253 450
001 012001002718
005 20140926114739.0
010    @a978-7-5455-2398-0@b线装@dCNY39.80
100    @a20170619d2017 em y0chiy50 ea
101 0  @achi
102    @aCN@b510000
105    @ay z 000yy
106    @ar
200 1  @a庄子全集@9zhuang zi quan ji@f(战国)庄子原著@g范勇毅注译
210    @a成都@c天地出版社@d2017
215    @a17,514页@d23cm
330    @a本书汲取了其他《庄子》版本的精华之处,按照原文、注释、译文、品庄悟道、集评的体例进行了全新的解读,力求以详细、准确的有益阐释,展现出《庄子》书中灼灼的智慧之光,使人在阅读时产生耳目一新的感觉,体会到其中深远的寓意。
605    @a《庄子》@x译文
606 0  @a道家
690    @aB223.54@v5
701  0 @c(战国)@a庄子@9zhuang zi@f(前369?-前286)@4原著
702  0 @a范勇毅@9fan yong yi@4注译
801  0 @aCN@b上海新华@c20180901
905    @b1153443-7@dB223.54@e835@f5
    
    庄子全集/(战国)庄子原著/范勇毅注译.-成都:天地出版社,2017
    17,514页;23cm
    
    
    ISBN 978-7-5455-2398-0(线装):CNY39.80
    本书汲取了其他《庄子》版本的精华之处,按照原文、注释、译文、品庄悟道、集评的体例进行了全新的解读,力求以详细、准确的有益阐释,展现出《庄子》书中灼灼的智慧之光,使人在阅读时产生耳目一新的感觉,体会到其中深远的寓意。
●
相关链接 在E读中查询图书 在五车中查询图书 在当当中查询图书 在豆瓣中查询图书


正题名:庄子全集     索取号:B223.54/835         预约/预借

序号 登录号 条形码 馆藏地/架位号 状态 备注
1 1153443   211534437   第一样本阅览室/ [索取号:B223.54/835] 在馆    
2 1153444   211534446   第一借阅区/ [索取号:B223.54/835] 在馆    
3 1153445   211534455   第一借阅区/ [索取号:B223.54/835] 在馆    
4 1153446   211534464   第一借阅区/ [索取号:B223.54/835] 在馆    
5 1153447   211534473   第一借阅区/ [索取号:B223.54/835] 在馆    
唐山师范学院图书馆 欢迎您!
大连网信软件有限公司© 版权所有